000
00326nam a2200145Ia 4500
003
OSt
005
20240103154759.0
008
170524s9999 xx 000 0 und d
020
_a
0761920188
040
_c
iimt university meerut
100
_a
LATHAM- GARY P.
245
0
_a
WORK MOTIVATION
260
_b
SAGE
942
_2
ddc
_c
02
999
_c
8559
_d
8559